Evaluación y eficacia biológica de los corredores de conexión entre los bosques del cañón del río Barbas y la Reserva Forestal de Bremen Filandia - Quindío (Registro nro. 6016)
[ vista simple ]
| 000 -CABECERA | |
|---|---|
| Campo de control | 02423nam a2200289 a 4500 |
| 090 ## - CLASIFICACIÓN LOCAL | |
| Colección | IAVH |
| Consecutivo | 00765 CD-1 |
| 041 ## - IDIOMA | |
| Código de idioma para texto/pista de sonido o título separado | Español |
| 100 ## - ASIENTO PRINCIPAL--NOMBRE PERSONAL | |
| Nombre personal | Caicedo Rosales, Paula Catalina |
| 245 ## - MENCION DE TITULO | |
| Título | Evaluación y eficacia biológica de los corredores de conexión entre los bosques del cañón del río Barbas y la Reserva Forestal de Bremen Filandia - Quindío |
| 260 ## - PUBLICACION, DISTRIBUCION, ETC. (PIE DE IMPRENTA) | |
| Lugar de publicación, distribución, etc. | Bogotá |
| Nombre del editor, distribuidor, etc. | Instituto Alexander von Humboldt |
| Fecha de publicación, distribución, etc. | 2005 |
| 300 ## - DESCRIPCION FISICA | |
| Extensión | 27 p. |
| 520 ## - NOTA DE RESUMEN, ETC. | |
| Nota de resumen | Se evaluó la composición de hormigas y aves en diferentes estadios sucesionales presente en las coberturas vegetales que componen los corredores de conexión de Filandia, desde el Bosque de Bremen, cañada, área vegetalizada y pastizales abandonados. Se identificaron las especies de hormigas y aves que colonizan las áreas revegetalizadas de los futuros corredores. Se determinó el recambio de las especies entre las coberturas vegetales de los corredores. De definieron especies o grupos de especies de hormigas y aves como posibles indicadores de áreas perturbadas o en buen estado de conservación. Se concluyó que a largo plazo se pueden emplear especies de aves y hormigas catalogadas como Especies de Bosque Tolerante a la alteración del hábitat según el análisis de componentes principales, ya que la mayoría de estas especies están presentes en todos los hábitat con cobertura arbórea y su abundancia parece reflejar condiciones iniciales de sucesión. La aceleración del proceso de sucesión en las áreas revegetalizadas sugiere un efecto positivo en la riqueza y composición de hormigas y aves que presentan un número de especies ligeramente mayor que las áreas de regeneración natural y tienen una alta similaridad con las cañadas. |
| 650 ## - ASIENTO SECUNDARIO DE MATERIA - TERMINO TEMATICO | |
| Término temático o nombre geográfico como elemento de entrada | Hormigas |
| 650 ## - ASIENTO SECUNDARIO DE MATERIA - TERMINO TEMATICO | |
| Término temático o nombre geográfico como elemento de entrada | Avifauna |
| 650 ## - ASIENTO SECUNDARIO DE MATERIA - TERMINO TEMATICO | |
| Término temático o nombre geográfico como elemento de entrada | Estadios sucesionales |
| 650 ## - ASIENTO SECUNDARIO DE MATERIA - TERMINO TEMATICO | |
| Término temático o nombre geográfico como elemento de entrada | Cobertura vegetal |
| 650 ## - ASIENTO SECUNDARIO DE MATERIA - TERMINO TEMATICO | |
| Término temático o nombre geográfico como elemento de entrada | Corredores biológicos |
| 650 ## - ASIENTO SECUNDARIO DE MATERIA - TERMINO TEMATICO | |
| Término temático o nombre geográfico como elemento de entrada | Especies colonizadoras |
| 650 ## - ASIENTO SECUNDARIO DE MATERIA - TERMINO TEMATICO | |
| Término temático o nombre geográfico como elemento de entrada | Indicadores biológicos |
| 650 ## - ASIENTO SECUNDARIO DE MATERIA - TERMINO TEMATICO | |
| Término temático o nombre geográfico como elemento de entrada | Análisis de componentes principales |
| 650 ## - ASIENTO SECUNDARIO DE MATERIA - TERMINO TEMATICO | |
| Término temático o nombre geográfico como elemento de entrada | Riqueza de especies |
| 662 ## - ASIENTO SECUNDARIO DE MATERIA - JERARQUIA DEL NOMBRE DE LUGAR( | |
| País o entidad mayor | Colombia |
| Jurisdicción política intermedia | Río Barbas |
| Ciudad | Filandia |
| Jurisdicción política de primer orden | Quindío |
| 662 ## - ASIENTO SECUNDARIO DE MATERIA - JERARQUIA DEL NOMBRE DE LUGAR( | |
| País o entidad mayor | Colombia |
| Jurisdicción política intermedia | Reserva Forestal de Bremen |
| Ciudad | Filandia |
| Jurisdicción política de primer orden | Quindío |
| 700 ## - ASIENTO SECUNDARIO - NOMBRE PERSONAL | |
| Nombre personal | Jiménez, Elizabeth |
| 773 0# - Item fuente: | |
| Host Biblionumber | 5986 |
| Host Itemnumber | 9704 |
| Asiento principal | |
| Edición | |
| Lugar, editorial y fecha de publicación | Bogotá Informatica documental 2007 |
| Otro identificador del ítem - Codigo de Barras | 024802 |
| Título | Informes de investigaciones IAVH en PDF |
| Número de control del registro | |
| Número Internacional Normalizado para Publicaciones Seriadas - ISSN | |
| Número Internacional Normalizado para Libros - ISBN | |
| 945 ## - PROCESAMIENTO LOCAL | |
| AAAA-MM-DD - Fecha de ingreso o modificacion | 2007-08-16 |
No hay ítems disponibles.